000 00716nac a22002297a 4500
001 BR6700333
003 BR-BrBNA
005 20240105113320.0
008 230509b bl.|||m| |||| 00| 0 por d
040 _aBR-BrBNA
_bpor
_cBiblioteca Nacional de Agricultura
072 _aF05
090 _aF05 BR6700333
100 1 _aViegas, A.P.
110 1 _aInstituto Agronomico, Campinas, SP (Brasil)
245 1 _aAgricultura e botanica no vacabulario na lingua brasilica
260 3 _aCampinas, SP (Brasil):
_c1967.
300 _a60 p.
490 _aBoletim - Instituto Agronomico (Brazil)
_vno. 179
_xISSN 0375-1538
650 _aBOTANICA
909 _a202312
_bLúcia Elande
_c55
_dLúcia Elande
942 _2AGRIS
_n0
_cMS
999 _c263051
_d263051